Wird geladen...

Six modern english poets

Bibliographische Detailangaben
1. Verfasser: Jagdish Sivpuri
Format: Printed Book
Veröffentlicht: New Delhi, Chand& Co Pvt Ltd 1973
Schlagworte:
LEADER 005310000a22001810004500
022 |a 28-07-2004 
041 |a English 
082 |a 821.009 JAG/S L3 
100 |a Jagdish Sivpuri 
245 |a Six modern english poets 
260 |a New Delhi, Chand& Co Pvt Ltd 
260 |c 1973 
650 |a Criticism 
650 |a English literature 
650 |a Poetry 
942 |c BK 
999 |c 146448  |d 146444 
952 |0 0  |1 0  |4 0  |6 821_009000000000000_JAG_S_L3  |7 0  |9 145218  |a SCC  |b SCC  |d 2017-10-11  |l 0  |o 821.009 JAG/S L3  |p SCC03725  |r 2017-10-11  |w 2017-10-11  |y BK